Normal view
MARC view
- Tree Or Three:An elementary Pronunciation Course
Entry Topical Term
001 - CONTROL NUMBER
- control field: 2161
003 - CONTROL NUMBER IDENTIFIER
- control field: JO-AjAnu
005 - DATE AND TIME OF LATEST TRANSACTION
- control field: 20230606070646.0
008 - FIXED-LENGTH DATA ELEMENTS
- fixed length control field: 230606|| aca||aabn | a|a d
040 ## - CATALOGING SOURCE
- Original cataloging agency: JO-AjAnu
- Transcribing agency: JO-AjAnu
150 ## - HEADING--TOPICAL TERM
- Topical term or geographic name entry element: Tree Or Three:An elementary Pronunciation Course
670 ## - SOURCE DATA FOUND
- Source citation: Work cat.: (JO-AjAnu)1133: Baker,Ann تأليف, author 2160, Tree Or Three:An elementary Pronunciation Course